Statistics for 25 biggest cities in France by flags

Click here to take the quiz!

General Stats

  • This quiz has been taken 44 times
  • The average score is 11 of 25

Answer Stats

Answer% Correct
Paris
96%
Lyon
82%
Marseille
79%
Toulouse
75%
Nice
64%
Nantes
61%
Lille
50%
Strasbourg
50%
Bordeaux
46%
Rennes
46%
Montpellier
43%
Dijon
36%
Le Havre
36%
Brest
32%
Grenoble
32%
Toulon
32%
Angers
29%
Nîmes
29%
Saint-Étienne
29%
Clermont-Ferrand
25%
Reims
25%
Tours
25%
Villeurbanne
25%
Le Mans
21%
Aix-en-Provence
14%

Score Distribution

Percentile by Number Answered

Percent of People with Each Score

Your Score History

You have not taken this quiz